<?xml version="1.0" encoding="UTF-8"?>
<record
    xmlns:xsi="http://www.w3.org/2001/XMLSchema-instance"
    xsi:schemaLocation="http://www.loc.gov/MARC21/slim http://www.loc.gov/standards/marcxml/schema/MARC21slim.xsd"
    xmlns="http://www.loc.gov/MARC21/slim">

  <leader>01059nam a2200205 a 4500</leader>
  <controlfield tag="001">000030061</controlfield>
  <controlfield tag="003">DO-SdBNP</controlfield>
  <controlfield tag="005">20220817145817.0</controlfield>
  <controlfield tag="007">ta</controlfield>
  <controlfield tag="008">110428s1949    dr a          000 0 spa d</controlfield>
  <datafield tag="040" ind1=" " ind2=" ">
    <subfield code="a">DO-SdBNP</subfield>
    <subfield code="b">spa</subfield>
    <subfield code="c">BNPHU</subfield>
  </datafield>
  <datafield tag="082" ind1=" " ind2=" ">
    <subfield code="a">xxx</subfield>
    <subfield code="b">D611p</subfield>
  </datafield>
  <datafield tag="245" ind1="0" ind2="0">
    <subfield code="a">Discurso pronunciado por el presidente de la CIA. Antillana de Imp. y Exp., C.por A. con motivo de la inauguracion de su edificio domicilio prototipo "internacional".</subfield>
  </datafield>
  <datafield tag="246" ind1="0" ind2="0">
    <subfield code="a">Discurso pronunciado por nuestro presidente Sr. San Miguel, el d&#xED;a 26 de febrero de 1949, en ocasi&#xF3;n al acto de bendici&#xF3;n &#xE9; inauguraci&#xF3;n del edificio prototipo INTERNACIONAL, construido por esta compa&#xF1;&#xED;a para su domicilio, con salones de exhibici&#xF3;n, dep&#xF3;sitos de maquinarias, piezas y talleres de reparaciones, de acuerdo con los &#xFA;ltimos adelantos en este ramo.   </subfield>
  </datafield>
  <datafield tag="260" ind1=" " ind2=" ">
    <subfield code="a">Ciudad Trujillo :</subfield>
    <subfield code="b">Compa&#xF1;&#xED;a Antillana de importaci&#xF3;n y exportaci&#xF3;n,</subfield>
    <subfield code="c">1949.</subfield>
  </datafield>
  <datafield tag="300" ind1=" " ind2=" ">
    <subfield code="a">[31 p.] :</subfield>
    <subfield code="b">il. ;</subfield>
    <subfield code="c">24 cm.</subfield>
  </datafield>
  <datafield tag="590" ind1=" " ind2=" ">
    <subfield code="a">Inventariado, 2022/ YL</subfield>
  </datafield>
  <datafield tag="910" ind1=" " ind2=" ">
    <subfield code="a">YLockward</subfield>
  </datafield>
  <datafield tag="942" ind1=" " ind2=" ">
    <subfield code="2">ddc</subfield>
    <subfield code="c">LF2</subfield>
  </datafield>
  <datafield tag="952" ind1=" " ind2=" ">
    <subfield code="0">0</subfield>
    <subfield code="1">0</subfield>
    <subfield code="2">ddc</subfield>
    <subfield code="5">1</subfield>
    <subfield code="7">0</subfield>
    <subfield code="8">DS-FRV</subfield>
    <subfield code="a">BNPHU</subfield>
    <subfield code="b">BNPHU</subfield>
    <subfield code="c">CT</subfield>
    <subfield code="d">2011-04-28</subfield>
    <subfield code="i">LF1</subfield>
    <subfield code="o">xxx D611p</subfield>
    <subfield code="p">30061-10</subfield>
    <subfield code="r">2020-06-25</subfield>
    <subfield code="w">2020-06-25</subfield>
    <subfield code="y">LF2</subfield>
  </datafield>
  <datafield tag="999" ind1=" " ind2=" ">
    <subfield code="c">29553</subfield>
    <subfield code="d">29553</subfield>
  </datafield>
</record>
